|
|
|
|
| LEADER |
03656nam a2200613 4500 |
| 001 |
978-981-15-0118-0 |
| 003 |
DE-He213 |
| 005 |
20191022012209.0 |
| 007 |
cr nn 008mamaa |
| 008 |
190906s2019 si | s |||| 0|eng d |
| 020 |
|
|
|a 9789811501180
|9 978-981-15-0118-0
|
| 024 |
7 |
|
|a 10.1007/978-981-15-0118-0
|2 doi
|
| 040 |
|
|
|d GrThAP
|
| 050 |
|
4 |
|a QA76.9.D343
|
| 072 |
|
7 |
|a UNF
|2 bicssc
|
| 072 |
|
7 |
|a COM021030
|2 bisacsh
|
| 072 |
|
7 |
|a UNF
|2 thema
|
| 072 |
|
7 |
|a UYQE
|2 thema
|
| 082 |
0 |
4 |
|a 006.312
|2 23
|
| 245 |
1 |
0 |
|a Data Science
|h [electronic resource] :
|b 5th International Conference of Pioneering Computer Scientists, Engineers and Educators, ICPCSEE 2019, Guilin, China, September 20-23, 2019, Proceedings, Part I /
|c edited by Xiaohui Cheng, Weipeng Jing, Xianhua Song, Zeguang Lu.
|
| 250 |
|
|
|a 1st ed. 2019.
|
| 264 |
|
1 |
|a Singapore :
|b Springer Singapore :
|b Imprint: Springer,
|c 2019.
|
| 300 |
|
|
|a XXV, 687 p. 308 illus., 167 illus. in color.
|b online resource.
|
| 336 |
|
|
|a text
|b txt
|2 rdacontent
|
| 337 |
|
|
|a computer
|b c
|2 rdamedia
|
| 338 |
|
|
|a online resource
|b cr
|2 rdacarrier
|
| 347 |
|
|
|a text file
|b PDF
|2 rda
|
| 490 |
1 |
|
|a Communications in Computer and Information Science,
|x 1865-0929 ;
|v 1058
|
| 505 |
0 |
|
|a Data Mining -- Data Base -- Network -- Security -- Machine Learning. .
|
| 520 |
|
|
|a This two volume set (CCIS 1058 and 1059) constitutes the refereed proceedings of the 5th International Conference of Pioneering Computer Scientists, Engineers and Educators, ICPCSEE 2019 held in Guilin, China, in September 2019. The 104 revised full papers presented in these two volumes were carefully reviewed and selected from 395 submissions. The papers cover a wide range of topics related to basic theory and techniques for data science including data mining; data base; net work; security; machine learning; bioinformatics; natural language processing; software engineering; graphic images; system; education; application.
|
| 650 |
|
0 |
|a Data mining.
|
| 650 |
|
0 |
|a Artificial intelligence.
|
| 650 |
|
0 |
|a Computer organization.
|
| 650 |
|
0 |
|a Optical data processing.
|
| 650 |
|
0 |
|a Computer security.
|
| 650 |
|
0 |
|a Data encryption (Computer science).
|
| 650 |
1 |
4 |
|a Data Mining and Knowledge Discovery.
|0 http://scigraph.springernature.com/things/product-market-codes/I18030
|
| 650 |
2 |
4 |
|a Artificial Intelligence.
|0 http://scigraph.springernature.com/things/product-market-codes/I21000
|
| 650 |
2 |
4 |
|a Computer Systems Organization and Communication Networks.
|0 http://scigraph.springernature.com/things/product-market-codes/I13006
|
| 650 |
2 |
4 |
|a Image Processing and Computer Vision.
|0 http://scigraph.springernature.com/things/product-market-codes/I22021
|
| 650 |
2 |
4 |
|a Systems and Data Security.
|0 http://scigraph.springernature.com/things/product-market-codes/I28060
|
| 650 |
2 |
4 |
|a Cryptology.
|0 http://scigraph.springernature.com/things/product-market-codes/I28020
|
| 700 |
1 |
|
|a Cheng, Xiaohui.
|e editor.
|4 edt
|4 http://id.loc.gov/vocabulary/relators/edt
|
| 700 |
1 |
|
|a Jing, Weipeng.
|e editor.
|4 edt
|4 http://id.loc.gov/vocabulary/relators/edt
|
| 700 |
1 |
|
|a Song, Xianhua.
|e editor.
|4 edt
|4 http://id.loc.gov/vocabulary/relators/edt
|
| 700 |
1 |
|
|a Lu, Zeguang.
|e editor.
|4 edt
|4 http://id.loc.gov/vocabulary/relators/edt
|
| 710 |
2 |
|
|a SpringerLink (Online service)
|
| 773 |
0 |
|
|t Springer eBooks
|
| 776 |
0 |
8 |
|i Printed edition:
|z 9789811501173
|
| 776 |
0 |
8 |
|i Printed edition:
|z 9789811501197
|
| 830 |
|
0 |
|a Communications in Computer and Information Science,
|x 1865-0929 ;
|v 1058
|
| 856 |
4 |
0 |
|u https://doi.org/10.1007/978-981-15-0118-0
|z Full Text via HEAL-Link
|
| 912 |
|
|
|a ZDB-2-SCS
|
| 950 |
|
|
|a Computer Science (Springer-11645)
|